[Event "IX Festival A"]
[Site "Verona ITA"]
[Date "2003.01.??"]
[Round "1"]
[White "Costantini, Roberto"]
[Black "Zoldan, Matteo"]
[Result "1-0"]
[WhiteElo "2274"]
[BlackElo "2124"]
[PlyCount "79"]
[EventDate "2003.01.02"]

1. e4 c5 2. Nf3 d6 3. d4 cxd4 4. Nxd4 Nf6 5. Nc3 e6 6. Be3 a6 7. Qf3 Qc7 8. g4
b5 9. g5 Nfd7 10. a3 Bb7 11. Qg3 Nc5 12. Bg2 Nbd7 13. O-O Nb6 14. Rad1 Nc4 15.
Bc1 Be7 16. f4 g6 17. b3 Nb6 18. Bb2 O-O-O 19. Ndxb5 axb5 20. Nxb5 Nxe4 21.
Bxe4 Qc5+ 22. Bd4 Qxb5 23. Qc3+ Kb8 24. Bxb7 e5 25. fxe5 Kxb7 26. a4 Qc6 27.
exd6 Qxc3 28. Bxc3 Bxg5 29. Rxf7+ Kb8 30. Bxh8 Rxh8 31. a5 Nc8 32. Rd5 Be3+ 33.
Kg2 Na7 34. c4 Rd8 35. a6 Nc6 36. b4 g5 37. c5 Bf4 38. b5 Ne5 39. Rxf4 gxf4 40.
Rxe5 1-0

[Event "IX Festival A"]
[Site "Verona ITA"]
[Date "2003.01.??"]
[Round "1"]
[White "D'Innocente, Stefano"]
[Black "Lotti, Fabio"]
[Result "0-1"]
[WhiteElo "2234"]
[BlackElo "2040"]
[PlyCount "90"]
[EventDate "2003.01.02"]

1. e4 d5 2. exd5 Qxd5 3. Nc3 Qa5 4. d4 c6 5. Nf3 Nf6 6. Bc4 Bf5 7. Bd2 e6 8.
Nd5 Qd8 9. Nxf6+ Qxf6 10. Bc3 Qd8 11. Qe2 Be7 12. O-O-O b5 13. Bb3 a5 14. a4
bxa4 15. Bxa4 O-O 16. Kb1 Qd5 17. Kc1 Nd7 18. Bb3 Qd6 19. Ne5 a4 20. Ba2 a3 21.
b3 Nb6 22. g4 Nd5 23. Bd2 Bg6 24. h4 h6 25. Rdg1 Nb4 26. Bxb4 Qxb4 27. Nxc6 Qc3
28. Nxe7+ Kh7 29. Qc4 Qb2+ 30. Kd2 Rfd8 31. Nc6 Rac8 32. Rb1 Qxa2 33. Ra1 Qb2
34. Rhb1 Rxc6 35. Qxc6 Qxd4+ 36. Ke1 Be4 37. Qc7 Rd7 38. Qg3 Qd2+ 39. Kf1 Bxc2
40. Re1 Qb4 41. Re3 Rd1+ 42. Rxd1 Bxd1 43. Kg1 a2 44. Qe5 Bxb3 45. h5 f6 0-1

[Event "IX Festival A"]
[Site "Verona ITA"]
[Date "2003.01.??"]
[Round "1"]
[White "Tomba, Ivan"]
[Black "Zufic, Miroslav"]
[Result "1-0"]
[WhiteElo "2158"]
[BlackElo "2424"]
[PlyCount "75"]
[EventDate "2003.01.02"]

1. e4 c5 2. Nf3 d6 3. d4 cxd4 4. Nxd4 Nf6 5. Nc3 a6 6. Bc4 e6 7. Bb3 Nbd7 8. f4
Nc5 9. f5 Be7 10. Qf3 Bd7 11. Be3 e5 12. Nde2 Bc6 13. Ng3 h5 14. O-O-O Qa5 15.
Bd5 Bxd5 16. exd5 Na4 17. Nxa4 Qxa4 18. Kb1 Rc8 19. Rd2 h4 20. Ne2 Ne4 21. Rdd1
Rxc2 22. Rc1 Rd2 23. Ka1 Rd3 24. Rc8+ Kd7 25. Rxh8 Nd2 26. Qf2 Nb3+ 27. Kb1 Qe4
28. axb3 Rd1+ 29. Ka2 Qb1+ 30. Ka3 Qa1+ 31. Kb4 a5+ 32. Kc3 e4 33. Rxd1 Qxd1
34. Bd2 Qb1 35. Qe3 Bf6+ 36. Nd4 Bg5 37. Qe2 e3 38. Bxe3 1-0

[Event "IX Festival A"]
[Site "Verona ITA"]
[Date "2003.01.??"]
[Round "2"]
[White "Miladinovic, Igor"]
[Black "Costantini, Roberto"]
[Result "1-0"]
[WhiteElo "2526"]
[BlackElo "2274"]
[PlyCount "115"]
[EventDate "2003.01.02"]

1. d4 d5 2. c4 c6 3. cxd5 cxd5 4. Nc3 e5 5. Nf3 e4 6. Ne5 f6 7. Qa4+ Nd7 8. Ng4
Kf7 9. Ne3 Nb6 10. Qd1 f5 11. g3 Nf6 12. a4 a5 13. Qb3 g6 14. Bd2 Be7 15. Bg2
Be6 16. Nb5 h5 17. h4 Qd7 18. Qd1 Rhc8 19. b3 Ne8 20. Bh3 Nc7 21. Na3 Kg7 22.
Ng2 Rcb8 23. O-O Nc8 24. Nf4 Bf7 25. Qc2 Nd6 26. Rfc1 Rc8 27. Qd1 b6 28. Bf1
Na6 29. Nc2 Qb7 30. Nh3 Rc6 31. Bf4 Rac8 32. Be5+ Kh7 33. Na3 Be8 34. Ng5+ Bxg5
35. hxg5 Nf7 36. Bf4 Qe7 37. Rxc6 Bxc6 38. Qd2 Nc7 39. Rc1 Ne6 40. Nb5 Bb7 41.
Rxc8 Bxc8 42. Qc3 Bb7 43. Bb8 Nfxg5 44. Bd6 Qd8 45. Ba3 Nf7 46. b4 h4 47. bxa5
bxa5 48. Bc1 hxg3 49. Qxg3 Ba6 50. e3 Neg5 51. Kg2 Nf3 52. Ba3 Kg7 53. Be2 Nd2
54. Nc7 Bc8 55. Bb5 Nb1 56. Bc5 Nc3 57. Bb6 Qd6 58. Ne8+ 1-0

[Event "IX Festival A"]
[Site "Verona ITA"]
[Date "2003.01.??"]
[Round "3"]
[White "Costantini, Roberto"]
[Black "Bertani, Gianfranco"]
[Result "1-0"]
[WhiteElo "2274"]
[BlackElo "2157"]
[PlyCount "41"]
[EventDate "2003.01.02"]

1. e4 c5 2. Nf3 d6 3. d4 cxd4 4. Nxd4 Nf6 5. Nc3 g6 6. Be3 Bg7 7. f3 O-O 8. Qd2
Nc6 9. O-O-O Bd7 10. g4 Rc8 11. h4 Ne5 12. Kb1 Nc4 13. Bxc4 Rxc4 14. Nde2 Qc7
15. Bh6 Bxh6 16. Qxh6 b5 17. g5 Nh5 18. Nd5 Qd8 19. Nef4 Be6 20. Nxh5 gxh5 21.
Nf6+ 1-0

[Event "IX Festival A"]
[Site "Verona ITA"]
[Date "2003.01.??"]
[Round "3"]
[White "Janev, Evgeni"]
[Black "Miladinovic, Igor"]
[Result "0-1"]
[WhiteElo "2465"]
[BlackElo "2526"]
[PlyCount "76"]
[EventDate "2003.01.02"]

1. e4 c5 2. Nf3 Nc6 3. Bb5 e6 4. O-O Nge7 5. c3 a6 6. Be2 d5 7. exd5 Nxd5 8. d4
cxd4 9. cxd4 Be7 10. Nc3 O-O 11. Bd3 Bf6 12. Ne4 Bxd4 13. Neg5 Nf6 14. Nxd4
Qxd4 15. Qc2 Qh4 16. a3 Nd4 17. Qc3 e5 18. f4 Bf5 19. fxe5 Nd5 20. Qc4 Nb6 21.
Qc3 Na4 22. Qd2 Nb3 23. Bxf5 Nxd2 24. Bxd2 Qd4+ 25. Rf2 g6 26. Nf3 Qxb2 27. Rb1
Qxa3 28. Bb4 Qe3 29. Bc2 b5 30. Re1 Qb6 31. Ng5 Nc5 32. Ref1 h6 33. Nf3 Rfd8
34. Kh1 a5 35. Bd2 a4 36. Bxh6 Ne6 37. Nd2 Rac8 38. Ne4 Qxf2 0-1

[Event "IX Festival A"]
[Site "Verona ITA"]
[Date "2003.01.??"]
[Round "3"]
[White "Navarro, Stefano"]
[Black "Buchicchio, Giampaolo"]
[Result "1-0"]
[WhiteElo "2126"]
[BlackElo "2259"]
[PlyCount "61"]
[EventDate "2003.01.02"]

1. e4 c5 2. Nf3 Nc6 3. d4 cxd4 4. Nxd4 Nf6 5. Nc3 e5 6. Ndb5 d6 7. a4 a6 8. Na3
Be6 9. Bc4 Be7 10. O-O O-O 11. Be3 Rc8 12. Qe2 Qa5 13. Rfd1 Nxe4 14. Nxe4 d5
15. Bb3 dxe4 16. Bxe6 fxe6 17. Nc4 Qb4 18. c3 Qb3 19. Nb6 Rcd8 20. a5 Rxd1+ 21.
Rxd1 Nxa5 22. Nd7 Rd8 23. Bb6 Rxd7 24. Rxd7 Qxb6 25. Rxe7 Qd8 26. Rxe6 Qd3 27.
Qxd3 exd3 28. Rd6 e4 29. f3 Nc4 30. Rd8+ Kf7 31. b3 1-0

[Event "IX Festival A"]
[Site "Verona ITA"]
[Date "2003.01.??"]
[Round "3"]
[White "Shytaj, Luca"]
[Black "Efimov, Igor"]
[Result "0-1"]
[WhiteElo "2327"]
[BlackElo "2480"]
[PlyCount "92"]
[EventDate "2003.01.02"]

1. e4 e5 2. f4 Nc6 3. Nf3 f5 4. exf5 e4 5. Ne5 Nf6 6. d3 Qe7 7. d4 d6 8. Bb5
dxe5 9. fxe5 Bxf5 10. O-O Bg6 11. exf6 gxf6 12. Nc3 O-O-O 13. Bxc6 bxc6 14. Qe2
Kb7 15. d5 Qd7 16. Rxf6 Bc5+ 17. Be3 Bxe3+ 18. Qxe3 cxd5 19. Qd4 Rhe8 20. Re1
c6 21. Na4 Ka8 22. Nc5 Qg7 23. c3 Rb8 24. b4 Bh5 25. Ne6 Qd7 26. Nf4 Bf7 27.
Rf1 Bg8 28. Qc5 Rec8 29. a4 Bf7 30. Ne2 Be8 31. Nd4 Rb7 32. Re6 Qg7 33. Rff6
Bd7 34. Rxc6 Rxc6 35. Rxc6 Bh3 36. Rc8+ Bxc8 37. Qxc8+ Rb8 38. Qe6 Qb7 39. a5
Rd8 40. Nc6 Rc8 41. b5 a6 42. Ne7 Re8 43. bxa6 Qa7+ 44. Kh1 Qc5 45. Qxd5+ Qxd5
46. Nxd5 e3 0-1

[Event "IX Festival A"]
[Site "Verona ITA"]
[Date "2003.01.??"]
[Round "4"]
[White "Collutiis, Duilio"]
[Black "Vasilev, Milen"]
[Result "1/2-1/2"]
[WhiteElo "2325"]
[BlackElo "2440"]
[PlyCount "107"]
[EventDate "2003.01.02"]

1. e4 c5 2. Nf3 d6 3. d4 cxd4 4. Nxd4 Nf6 5. f3 e5 6. Bb5+ Bd7 7. Bxd7+ Qxd7 8.
Nf5 d5 9. Bg5 dxe4 10. Bxf6 Qxd1+ 11. Kxd1 gxf6 12. fxe4 Nc6 13. c3 Rg8 14. g3
Rd8+ 15. Nd2 Ne7 16. Kc2 Rg4 17. Rae1 Kd7 18. Nxe7 Bxe7 19. Nf3 Ke6 20. Rhf1 b5
21. Nh4 b4 22. Nf5 Rc8 23. h3 Rgg8 24. Rf3 bxc3 25. Rxc3 Rxc3+ 26. bxc3 Rb8 27.
Rb1 Rxb1 28. Kxb1 Ba3 29. Kc2 Kd7 30. Kb3 Bf8 31. Kc4 Kc6 32. Ne3 Bc5 33. Nd5
f5 34. exf5 Bf2 35. g4 Bh4 36. Nb4+ Kd6 37. Kd3 a5 38. Nc2 Kc5 39. a4 e4+ 40.
Kxe4 Kc4 41. Nd4 Be1 42. Nc6 Bxc3 43. Nxa5+ Bxa5 44. Ke5 Bd8 45. Kd6 Kb4 46.
Kd7 Bh4 47. Ke8 f6 48. Kf7 Kxa4 49. Kg7 Kb5 50. Kxh7 Kc5 51. Kg6 Kd6 52. Kh5
Be1 53. h4 Ke7 54. g5 1/2-1/2

[Event "IX Festival A"]
[Site "Verona ITA"]
[Date "2003.01.??"]
[Round "4"]
[White "Costantini, Roberto"]
[Black "Godena, Michele"]
[Result "1-0"]
[WhiteElo "2274"]
[BlackElo "2524"]
[PlyCount "75"]
[EventDate "2003.01.02"]

1. e4 e5 2. Nf3 Nc6 3. Bc4 Bc5 4. c3 Nf6 5. d3 a6 6. Bb3 d6 7. Nbd2 Ba7 8. O-O
O-O 9. h3 Ne7 10. Re1 Ng6 11. Nf1 b5 12. a4 Bb7 13. Ng3 c5 14. Bg5 h6 15. Be3
Re8 16. axb5 axb5 17. Qc1 d5 18. Nf5 c4 19. Rxa7 Rxa7 20. dxc4 dxc4 21. Bc2 Ra6
22. Bxh6 Nh5 23. Rd1 Qf6 24. Bg5 Qe6 25. g3 f6 26. Be3 Ne7 27. N3h4 Nxf5 28.
Nxf5 Kh7 29. Bc5 Rc8 30. Bb4 Rca8 31. Qe3 Ra1 32. Kh2 Rxd1 33. Bxd1 Ra1 34. Bg4
Ba8 35. Ne7 Qf7 36. Bf5+ Kh8 37. Bg6 Qe6 38. Qf3 1-0

[Event "IX Festival A"]
[Site "Verona ITA"]
[Date "2003.01.??"]
[Round "4"]
[White "Miladinovic, Igor"]
[Black "Lazic, Miroljub"]
[Result "1-0"]
[WhiteElo "2526"]
[BlackElo "2518"]
[PlyCount "77"]
[EventDate "2003.01.02"]

1. d4 d5 2. Bg5 c6 3. e3 h6 4. Bh4 Qb6 5. Qc1 e5 6. Nf3 e4 7. Nfd2 Be6 8. c4
Nd7 9. Nc3 a6 10. c5 Qa7 11. Bg3 Ne7 12. h4 Nf5 13. Bf4 Be7 14. h5 g5 15. hxg6
fxg6 16. Qc2 g5 17. Bh2 O-O 18. Na4 Rf7 19. Qb3 Ng7 20. Nb6 Raf8 21. Nxd7 Bxd7
22. f3 exf3 23. Nxf3 g4 24. Ne5 Bh4+ 25. Kd2 g3 26. Ng6 Rxf1 27. Raxf1 Rxf1 28.
Rxf1 gxh2 29. Nxh4 Qb8 30. e4 Qd8 31. Nf3 Be6 32. e5 Nf5 33. Qd3 Kg7 34. Nxh2
Qg5+ 35. Kc3 Qxg2 36. Qf3 Qxh2 37. Rh1 Qg3 38. Qxg3+ Nxg3 39. Rg1 1-0

[Event "IX Festival A"]
[Site "Verona ITA"]
[Date "2003.01.??"]
[Round "4"]
[White "Ronchetti, Niccolo'"]
[Black "Scharrer, Patrick"]
[Result "0-1"]
[WhiteElo "2233"]
[BlackElo "2148"]
[PlyCount "30"]
[EventDate "2003.01.02"]

1. e4 c5 2. Nf3 Nc6 3. d4 cxd4 4. Nxd4 Nf6 5. Nc3 g6 6. Nxc6 bxc6 7. Bc4 Bg7 8.
e5 Ng8 9. Qf3 f5 10. Bf4 e6 11. O-O-O Qc7 12. h4 Rb8 13. Qg3 Rb4 14. Bb3 Rxf4
15. h5 Rg4 0-1

[Event "IX Festival A"]
[Site "Verona ITA"]
[Date "2003.01.??"]
[Round "4"]
[White "Rossato, Armando"]
[Black "Vocaturo, Daniele"]
[Result "1-0"]
[WhiteElo "2206"]
[BlackElo "2084"]
[PlyCount "49"]
[EventDate "2003.01.02"]

1. d4 d5 2. e4 dxe4 3. Nc3 Nf6 4. f3 exf3 5. Nxf3 Bg4 6. h3 Bxf3 7. Qxf3 c6 8.
Be3 e6 9. O-O-O Nbd7 10. Bd3 Bd6 11. g4 Qc7 12. g5 Nd5 13. Nxd5 cxd5 14. Rhf1
f5 15. gxf6 Nxf6 16. Bb5+ Kd8 17. Bg5 Be7 18. Rde1 Rc8 19. Bd3 Qb6 20. Qe2 Qxd4
21. Qxe6 Qc5 22. Rf5 Qd6 23. Rxd5 Rxc2+ 24. Bxc2 Qxd5 25. Rd1 1-0

[Event "IX Festival A"]
[Site "Verona ITA"]
[Date "2003.01.??"]
[Round "4"]
[White "Sulava, Nenad"]
[Black "Brunello, Sabino"]
[Result "1/2-1/2"]
[WhiteElo "2535"]
[BlackElo "2238"]
[PlyCount "82"]
[EventDate "2003.01.02"]

1. d4 d5 2. c4 e6 3. Nf3 Nf6 4. g3 Be7 5. Bg2 O-O 6. Qc2 a6 7. Nbd2 c5 8. O-O
Nc6 9. cxd5 Nb4 10. Qb1 cxd4 11. Nxd4 Nbxd5 12. N2f3 b5 13. e4 Nb6 14. Nc6 Qe8
15. Nxe7+ Qxe7 16. e5 Nfd5 17. Ng5 f5 18. exf6 gxf6 19. Nf3 Bb7 20. Nd4 Rfe8
21. Re1 Qf7 22. Qe4 Nd7 23. Bd2 Ne5 24. Qh4 Kh8 25. Re2 Ng6 26. Qh6 e5 27. Nf5
Ndf4 28. gxf4 Bxg2 29. Kxg2 exf4 30. Rxe8+ Rxe8 31. Kf1 Qd7 32. Nh4 Qd3+ 33.
Kg1 Rg8 34. Kh1 Qxd2 35. Nxg6+ Rxg6 36. Qf8+ Rg8 37. Qxf6+ Rg7 38. Rf1 Qd5+ 39.
f3 Qd3 40. Qf8+ Rg8 41. Qf6+ Rg7 1/2-1/2

[Event "IX Festival A"]
[Site "Verona ITA"]
[Date "2003.01.??"]
[Round "5"]
[White "Del Monaco, Andrea"]
[Black "Lotti, Fabio"]
[Result "1-0"]
[WhiteElo "2191"]
[BlackElo "2040"]
[PlyCount "43"]
[EventDate "2003.01.02"]

1. e4 d5 2. exd5 Qxd5 3. Nc3 Qa5 4. d4 c6 5. Nf3 Nf6 6. Bc4 Bf5 7. Bd2 e6 8.
Nd5 Qd8 9. Nxf6+ Qxf6 10. Qe2 Bg4 11. d5 Bxf3 12. gxf3 cxd5 13. Bxd5 Nc6 14.
Bc3 Bb4 15. Bxc6+ bxc6 16. Bxb4 Qxb2 17. Qe4 Qxa1+ 18. Ke2 Qxh1 19. Qxc6+ Kd8
20. Qxa8+ Kd7 21. Qb7+ Ke8 22. Bd6 1-0

[Event "IX Festival A"]
[Site "Verona ITA"]
[Date "2003.01.??"]
[Round "5"]
[White "Pantaleoni, Claudio"]
[Black "Ortega, Lexy"]
[Result "0-1"]
[WhiteElo "2206"]
[BlackElo "2452"]
[PlyCount "78"]
[EventDate "2003.01.02"]

1. e4 c5 2. Nf3 e6 3. d4 cxd4 4. Nxd4 a6 5. Bd3 Ne7 6. O-O Nec6 7. Nxc6 Nxc6 8.
Be3 Be7 9. Nd2 O-O 10. Nc4 d5 11. exd5 exd5 12. Bb6 dxc4 13. Bxd8 Rxd8 14.
Bxh7+ Kxh7 15. Qh5+ Kg8 16. Rad1 Be6 17. Rxd8+ Rxd8 18. Rd1 Nd4 19. Kh1 c3 20.
Qa5 cxb2 21. Qc3 b1=Q 22. Rxb1 Bxa2 23. Rd1 Nc6 24. Rxd8+ Nxd8 25. Qc7 Kf8 26.
h4 Bd5 27. h5 Bc6 28. f4 f6 29. Kh2 Ne6 30. Qb8+ Kf7 31. g3 a5 32. Qa7 a4 33.
c3 a3 34. Qf2 Bd5 35. Qe2 a2 36. Qd1 Bc4 37. Qa4 b5 38. Qa7 Nc5 39. g4 Na4 0-1

[Event "IX Festival A"]
[Site "Verona ITA"]
[Date "2003.01.??"]
[Round "5"]
[White "Sbarra, Marco"]
[Black "Molina, Fabrizio"]
[Result "0-1"]
[WhiteElo "2220"]
[BlackElo "2253"]
[PlyCount "70"]
[EventDate "2003.01.02"]

1. e4 e6 2. d4 d5 3. Nc3 Bb4 4. e5 c5 5. a3 Bxc3+ 6. bxc3 Ne7 7. h4 Nbc6 8. h5
h6 9. Qg4 Qa5 10. Bd2 Kf8 11. Nf3 Qa4 12. Kd1 Bd7 13. Bd3 Na5 14. Rh3 Bb5 15.
Rg3 Bxd3 16. Qxg7+ Ke8 17. Qxh8+ Kd7 18. Qxa8 Qxc2+ 19. Ke1 Ba6 20. Ng1 Qb2 21.
Rd1 Qb5 22. c4 Nxc4 23. Rg8 Nxg8 24. Qxg8 Nxe5 25. Bxh6 Qf1+ 26. Kd2 Qxf2+ 27.
Kc3 cxd4+ 28. Rxd4 Qe1+ 29. Kb2 Qxg1 30. Rd2 Nc4+ 31. Ka2 Nd6 32. Bf4 Qc1 33.
Kb3 Qb1+ 34. Rb2 Bc4+ 35. Kc3 Ne4+ 0-1

[Event "IX Festival A"]
[Site "Verona ITA"]
[Date "2003.01.??"]
[Round "6"]
[White "Contin, Daniel"]
[Black "Frigieri, Fabrizio"]
[Result "0-1"]
[WhiteElo "2330"]
[BlackElo "2052"]
[PlyCount "86"]
[EventDate "2003.01.02"]

1. Nf3 Nf6 2. c4 g6 3. g3 Bg7 4. Bg2 O-O 5. O-O d6 6. d4 c6 7. b3 Qc7 8. Bb2
Nbd7 9. Qc2 e5 10. Rd1 Ne8 11. e4 f5 12. dxe5 Nxe5 13. Nxe5 dxe5 14. exf5 gxf5
15. Nc3 Bf6 16. Rd2 Ng7 17. Re1 Be6 18. Ba3 Rfd8 19. Rde2 Bf7 20. Bb2 Bg6 21.
Qc1 Ne6 22. f4 Nd4 23. Rxe5 Bxe5 24. Rxe5 Re8 25. Qe3 Rxe5 26. Qxd4 Re1+ 27.
Kf2 Qe7 28. Be4 Rxe4 29. Nxe4 fxe4 30. Qh8+ Kf7 31. Qxa8 e3+ 32. Ke1 Qb4+ 33.
Kf1 Bd3+ 34. Kg2 Qd2+ 35. Kh3 Bf1+ 36. Kg4 Be2+ 37. Kg5 h6+ 38. Kh4 Qd7 39. f5
Qe7+ 40. Kh3 Bf1+ 41. Kg4 Qe4+ 42. Kh5 Qxf5+ 43. Kxh6 Qg6# 0-1

[Event "IX Festival A"]
[Site "Verona ITA"]
[Date "2003.01.??"]
[Round "6"]
[White "Martorelli, Antonio"]
[Black "Trabert, Bettina"]
[Result "0-1"]
[WhiteElo "2255"]
[BlackElo "2310"]
[PlyCount "46"]
[EventDate "2003.01.02"]

1. e4 e5 2. Nc3 Nf6 3. f4 d5 4. fxe5 Nxe4 5. Nf3 Be7 6. Qe2 Nxc3 7. dxc3 c5 8.
Bf4 Nc6 9. O-O-O Be6 10. h4 Qa5 11. a3 h6 12. g3 O-O-O 13. Bh3 Qb6 14. c4 Qa6
15. Bxe6+ fxe6 16. Nd2 Nd4 17. Qg4 dxc4 18. Qxg7 Qa4 19. Qg6 Rhg8 20. Qh7 Rg7
21. Qe4 c3 22. bxc3 Qxa3+ 23. Kb1 Nb5 0-1

[Event "IX Festival A"]
[Site "Verona ITA"]
[Date "2003.01.??"]
[Round "6"]
[White "Miladinovic, Igor"]
[Black "Vasilev, Milen"]
[Result "1-0"]
[WhiteElo "2526"]
[BlackElo "2440"]
[PlyCount "81"]
[EventDate "2003.01.02"]

1. d4 Nf6 2. Bg5 e6 3. e3 c5 4. c3 d5 5. Nd2 Nbd7 6. f4 Qc7 7. Bd3 h6 8. Bh4
Bd6 9. Ngf3 Ng4 10. Nf1 cxd4 11. cxd4 Qa5+ 12. N3d2 Ngf6 13. a3 O-O 14. Ng3 Qb6
15. Rb1 a5 16. O-O a4 17. Kh1 Qa5 18. Nf3 b5 19. Ne5 b4 20. Nh5 Nxh5 21. Qxh5
bxa3 22. bxa3 Qc3 23. Rbd1 f5 24. g4 Nxe5 25. fxe5 Bxa3 26. Rg1 Rf7 27. gxf5
exf5 28. Qxh6 Be7 29. e6 Bxe6 30. Rxg7+ Rxg7 31. Qxe6+ Kh8 32. Bxe7 Qb2 33.
Qxd5 Ra5 34. Qf3 Rg6 35. Bc5 Rh6 36. Qg3 Qb7+ 37. e4 a3 38. Rg1 Ra8 39. Qe5+
Kh7 40. Qxf5+ Kh8 41. Bf8 1-0

[Event "IX Festival A"]
[Site "Verona ITA"]
[Date "2003.01.??"]
[Round "6"]
[White "Ortega, Lexy"]
[Black "Shytaj, Luca"]
[Result "0-1"]
[WhiteElo "2452"]
[BlackElo "2327"]
[PlyCount "55"]
[EventDate "2003.01.02"]

1. d4 Nf6 2. Nf3 e6 3. Bf4 c5 4. e3 Be7 5. Nbd2 Nh5 6. Bg3 Nxg3 7. hxg3 d6 8.
c3 h6 9. dxc5 dxc5 10. Qc2 Qa5 11. g4 Nc6 12. g5 Bd7 13. gxh6 gxh6 14. Qe4 Qc7
15. Qg4 O-O-O 16. Qg7 f5 17. Rxh6 Rhg8 18. Qh7 e5 19. Rxc6 Bxc6 20. Qxf5+ Kb8
21. Qxe5 Bd6 22. Qf5 Rgf8 23. Qc2 Bg3 24. Be2 Rde8 25. Nf1 Be4 26. Bd3 Bxf3 27.
Nxg3 Bxg2 28. O-O-O {...} 0-1

[Event "IX Festival A"]
[Site "Verona ITA"]
[Date "2003.01.??"]
[Round "6"]
[White "Zufic, Miroslav"]
[Black "Dervishi, Erald"]
[Result "1/2-1/2"]
[WhiteElo "2424"]
[BlackElo "2530"]
[PlyCount "78"]
[EventDate "2003.01.02"]

1. e4 e5 2. Nf3 Nc6 3. Bb5 a6 4. Ba4 Nf6 5. O-O Be7 6. Re1 b5 7. Bb3 d6 8. c3
O-O 9. h3 Bb7 10. d4 Re8 11. Nbd2 Bf8 12. d5 Nb8 13. Nf1 Nbd7 14. N3h2 Nc5 15.
Bc2 c6 16. b4 Ncd7 17. dxc6 Bxc6 18. Bg5 Qc8 19. Bxf6 Nxf6 20. Ng4 Nxg4 21.
hxg4 Bd7 22. Ne3 Qxc3 23. Nd5 Qc6 24. Bb3 Rac8 25. g5 Be6 26. Re3 Be7 27. Qh5
Bd8 28. Rg3 Kh8 29. Nf6 gxf6 30. gxf6 Bb6 31. Bxe6 fxe6 32. Qh6 Qb7 33. Rg7
Qxe4 34. f7 Bxf2+ 35. Kh1 Rf8 36. Rg8+ Rxg8 37. Qf6+ Rg7 38. f8=Q+ Rxf8 39.
Qxf8+ Rg8 1/2-1/2